000 00558nam a2200217Ia 4500
005 20250718145510.0
008 008 250715s9999 xx 000 0 eng d
020 _a978-0-670-09365-6 (Hbk)
037 _aTextual
040 _aFLL
_cFLL
041 _aeng
_2eng
084 _aY73(Q2), R4
_qFLL
100 _aPILLAI Manu S
_9751597
245 0 _aGods, guns and missionaries
250 _a1st
260 _bHaryana Penguin Random House India
_c2024
300 _axlvii,564 ill
365 _b999
942 _cTEXL
999 _c1433929
_d1433929